El Capital: crítica de la economía política /
Guardado en:
| Autor principal: | |
|---|---|
| Otros Autores: | , , |
| Formato: | Texto |
| Publicado: |
México, D. F.:
Siglo XXI
|
| Edición: | 8 |
| Etiquetas: |
Agregar Etiqueta
Sin Etiquetas, Sea el primero en etiquetar este registro!
|
MARC
| LEADER | 00000 a a2200000 04500 | ||
|---|---|---|---|
| 001 | 25552 | ||
| 003 | |||
| 040 | |||
| 020 | |a 968-23-0484-3 | ||
| 022 | |a 968-23-0484-3 | ||
| 090 | |a 155100 | ||
| 100 | |a Marx, Carlos | ||
| 245 | |a El Capital: crítica de la economía política / |c Carlos Marx | ||
| 250 | |a 8 | ||
| 260 | |a México, D. F.: |b Siglo XXI | ||
| 300 | |a Tomo III, vol. 8 | ||
| 500 | |a El centro de Documentación tiene los tomos I vol., 2 y 3 |a Tomo II vol. 4 y 5, Tomo III vol. 6 y 8 | ||
| 700 | |a Friedrich Engels | ||
| 700 | |a Scaron, Pedro | ||
| 700 | |a | ||
| 700 | |a Mames, León | ||
| 700 | |a | ||
| 999 | |c 10854 |d 10854 | ||
